000 02481cam a22004814i 4500
003 PE-LiUPU
005 20250731175636.0
008 150706s2002 xxka r 000 0 spa d
020 _a9780521626002
035 _a(Sirsi) i9780521626002
040 _aPE-LiUPU
_bspa
_cPE-LiUPU
_erda
049 _aPRUA
082 0 4 _a428.24
_bM95
_221
100 1 _aMurphy, Raymond,
_eautor.
245 1 0 _aBasic grammar in use :
_bwith answers /
_cRaymond Murphy y William R. Smalzer.
250 _a2a
264 1 _aCambridge :
_bCambridge University Press,
_c2002.
300 _a302 páginas :
_bilustraciones ;
_c26 centímetros
300 _aCD-ROM
336 _atext
_2rdacontent
337 _aunmediated
_2rdamedia
338 _avolume
_2rdacarrier
505 0 _aPresent -- Past -- Present perfect -- Passive -- Verb forms -- Future -- Modals, imperatives, etc -- There and it -- Auxiliary verbs -- Questions -- Reported Speech -- Go, get, do, make, and have -- Pronouns and possessives -- A and the -- Determiners and pronouns -- Adjectives and adverbs -- Word order -- Prepositions -- Two-words verbs -- Conjunctions and Clauses.
526 _aP145
526 _aP127
526 _aP97
526 _aP35
526 _aP14
526 _aP07
541 _g002-0042777;
650 0 4 _aInglés
_xLibros de texto.
650 0 4 _aInglés
_xGramática
_vProblemas, ejercicios, etc.
700 1 _aSmalzer, William R.,
_eautor.
910 _bjv
_clchd20110720
942 _2ddc
_cBOOK
949 _a428.24 M95
_wDEWEY
_c1
_i63207
_lCCODEBUL1
_mBUL
_p50.00
_r0
_sY
_tBOOK
_u2015-7-6
_xEDUCACION
_PP20
_o.STAFF. Colección General
994 _aC0
_bPEPRU
596 _a1
999 _a428.24957 M95
_wDEWEY
_c50878
_i62163
_d50878
_e2019-1-21
_f2021-11-5
_g5
_lCCODEBUL1
_mBUL
_n4
_p50.00
_r0
_sY
_tBOOK
_u2015-7-6
_xBIBLIOTECA
_PP20
_0COMPRA
_o.STAFF. Colección General
999 _a428.24957 M95
_wDEWEY
_c2
_i61708
_d2019-8-11
_e2019-8-6
_f2021-11-5
_g5
_lCCODEBUL1
_mBUL
_n8
_p50.00
_r0
_sY
_tBOOK
_u2015-7-6
_xBIBLIOTECA
_PP20
_0COMPRA
_o.STAFF. Colección General
999 _a428.24957 M95
_wDEWEY
_c3
_i62161
_f2019-2-19
_g3
_lDISCARD
_mBUL
_p37.00
_r0
_sY
_tBOOK
_u2015-7-6
_xEDUCACION
_PP20
_0COMPRA
_o.STAFF. Colección General
999 _a428.24957 M95
_wDEWEY
_c4
_i62162
_d2019-4-22
_e2016-1-27
_f2021-11-5
_g5
_lCCODEBUL1
_mBUL
_n2
_p50.00
_q2
_r0
_sY
_tBOOK
_u2015-7-6
_xBIBLIOTECA
_PP20
_0COMPRA
_o.STAFF. Colección General
980 _81
_gALBERTO SANCHEZ Responsable de Automatización